The United Nations : the first 25 years

Αποθηκεύτηκε σε:
Λεπτομέρειες βιβλιογραφικής εγγραφής
Κύριος συγγραφέας: Tetlow, Edwin
Μορφή: Βιβλίο
Γλώσσα:English
Δημοσίευση: London : Owen, 1970
Θέματα:
Ετικέτες: Προσθήκη ετικέτας
Δεν υπάρχουν, Καταχωρήστε ετικέτα πρώτοι!

MARC

LEADER 00000nam a2200000 i 4500
001 1/92056
008 970402s1970 eng d
020 |a 0-7206-0201-7 
035 |l 10008302 
040 |a GR-MY-UA  |b gre  |e aacr 
041 0 |a eng 
082 0 |a 341.23 
100 1 |a Tetlow, Edwin. 
245 1 4 |a The United Nations :  |b the first 25 years /  |c With a foreword by Lord Caradon 
260 |a London :   |b Owen,   |c 1970 
300 |a 208 p., 8 plates;  |b ill., ports;  |c 23 cm 
504 |a Bibliography: p. 200-201 
610 2 0 |a United Nations  |x History. 
852 |a INST  |b LESVOS  |e 19970402  |h 341.23 TET  |p 005100011645  |q 005100011645  |t BK  |y 0 
909 |a Λ  |b 035431